Vplyv pandémie COVID-19 na obchodný podnik bakalárska práca

Guardado en:
Detalles Bibliográficos
Autor principal: Ficelová, Marianna
Autor Corporativo: Fakulta podnikového manažmentu EU. Katedra manažmentu
Otros Autores: Novysedlák, Martin, 1991-
Formato: Libro
Lenguaje:eslovaco
Publicado: Bratislava 2023
Etiquetas: Agregar Etiqueta
Sin Etiquetas, Sea el primero en etiquetar este registro!

MARC

LEADER 00000nbm a2200000 4500
001 0293670
005 20240220100527.6
041 0 |a slo 
044 |a SK 
245 1 0 |a Vplyv pandémie COVID-19 na obchodný podnik  |b bakalárska práca  |c Marianna Ficelová ; školiteľ: Martin Novysedlák 
264 1 |a Bratislava  |c 2023 
300 |a 57 s. 
100 1 |a Ficelová, Marianna 
700 1 |a Novysedlák, Martin, 1991- 
710 2 |a Fakulta podnikového manažmentu EU. Katedra manažmentu